1242 1345 1263 1576 1405 1135 1305 1287 1099 1329 1940 1419 1393 1560 1725 1292 1762 1595 1779 1868 1360 1412 1147 1572 1765 1015 1727 1475 1016 1070 1833 1707 2000 1619 1472 1962 1489 1497 1073 1883 1970 1543 1332 1817 1051 1089 1249 1478 1097 1027 1584 1402 1363 1710 1968 1274 1490 1633 1834 1171 1336 1770 1057 1835 1345 1725 1852 1003 1025 1652 1305 1930 1744 1618 1011 1463 1050 1933 1481 1263 1630 1756 1115 1698 1473 1133 1276 1574 1625 1597 1982 1985 1293 1139 1685 1600 1390 1798 1115 BCNSPRNW ULIB Ver.6.0+V

เปลี่ยนเป็นภาษาไทย

Change to English
 แสดงรายละเอียดบรรณานุกรม
  กลับหน้าหลัก

Brief Record : Get Marc (ISO 2709) : E-mail record : QR code < ปิดหน้าต่าง
LEADER : 00000nam 2200000uu 4500
001    13399114793
003     ULIB
008    120518s2553||||th 000 0 tha d
060 04 ^aWY157^bส7825ก
100 0  ^aสุปิยา วิริไฟ
245 10 ^aการพยาบาลในระยะหลังคลอดปกติ /^cสุปิยา วิริไฟ และสิวาพร พานเมือง
260    ^aกรุงเทพฯ :^bศูนย์สื่อเสริมกรุงเทพฯ,^c2553
300    ^a64 หน้า :^bภาพประกอบ ;^c26 ซม.
500    ^a ได้รับทุนสนับสนุนการผลิตตำราจากวิทยาลัยพยาบาลศรีมหาสารคาม สถาบันำระบรมราชชนกกระทรวงสาะารรณสุข พุทธศักราช 2553
650  7 ^aการคลอด
650  7 ^aการพยาบาลสูติศาสตร์
700    ^a สิวาพร พานเมือง
945    ^p0^l0^i031775
995    ^a เกษร
999    ^aใช้งานได้ทุกระบบ
รายการนี้ยังไม่มีแท็ก
คุณยังไม่ได้ล็อกอิน คุณสามารถมีกิจกรรมร่วมกับเว็บไซต์ได้ แต่ต้องล็อกอินก่อน ::
  ล็อกอิน

รายการสื่อสารสนเทศ

ลำดับที่ ประเภท เลขเรียก/บาร์โค้ด สถานที่ สถานะ
1. วิทยาศาสตร์การแพทย์ และสุขภาพ
หนังสือสำรอง
สถานะ=หนังสือสำรอง
WY157 ส7825ก ฉ.1 
  Barcode: 031775
ห้องสมุดวิทยาเขตนครสวรรค์
►ส่วนจัดเก็บหนังสือเก่า นว.
บนชั้น
  ขอยืม

รายการใกล้เคียง
    หัวเรื่อง [การคลอด]
    หัวเรื่อง [การพยาบาลสูติศาสตร์]

BibComment


ยังไม่เคยถูกคอมเมนท์

คอมเมนท์ทรัพยากรรายการนี้
  คอมเมนท์: การพยาบาลในระยะห..


 Copyright 2026. Bcnsprnw @Library